Normal view MARC view
  • Nawaz ,Hassan

Entry Personal Name

Number of records used in: 2

001 - CONTROL NUMBER

  • control field: 122179

003 - CONTROL NUMBER IDENTIFIER

  • control field: NUST

005 - DATE AND TIME OF LATEST TRANSACTION

  • control field: 20240321134751.0

008 - FIXED-LENGTH DATA ELEMENTS

  • fixed length control field: 240321|| aca||aabn | a|a d

040 ## - CATALOGING SOURCE

  • Original cataloging agency: NUST
  • Transcribing agency: NUST

100 ## - HEADING--PERSONAL NAME

  • Personal name: Nawaz ,Hassan

670 ## - SOURCE DATA FOUND

  • Source citation: Work cat.: (NUST): Nawaz ,Hassan, Development of Semi-Autonomous RISE wheelchair with Multiple user interfaces using Robot Operating System (ROS) /
© 2023 Central Library, National University of Sciences and Technology. All Rights Reserved.